The healthy Christian: (Record no. 12575)

000 -LEADER
fixed length control field 00557nam a2200181 a 4500
001 - CONTROL NUMBER
control field :::00010382$&:&@@
003 - CONTROL NUMBER IDENTIFIER
control field OkBaRHE
005 - DATE AND TIME OF LATEST TRANSACTION
control field 20000607103358.0
008 - FIXED-LENGTH DATA ELEMENTS--GENERAL INFORMATION
fixed length control field s1871 j 000 0 eng u
040 ## - CATALOGING SOURCE
Transcribing agency
100 1# - MAIN ENTRY--PERSONAL NAME
Personal name Crosby, Howard.
245 14 - TITLE STATEMENT
Title The healthy Christian:
Remainder of title an appeal to the church.
260 ## - PUBLICATION, DISTRIBUTION, ETC. (IMPRINT)
Place of publication, distribution, etc New York, NY., :
Name of publisher, distributor, etc American Tract Society
Date of publication, distribution, etc 1871
300 ## - PHYSICAL DESCRIPTION
Extent 163 p. ;
Dimensions 16 cm.
650 ## - SUBJECT ADDED ENTRY--TOPICAL TERM
Topical term or geographic name as entry element Christian Life
942 ## - ADDED ENTRY ELEMENTS (KOHA)
Source of classification or shelving scheme
Koha item type Books
Copies
Withdrawn status Copy number Date acquired Full call number Date last seen Damaged status Price effective from Shelving location Permanent Location Lost status Source of classification or shelving scheme Not for loan Barcode Koha item type
 12010-04-14BV 4501 .C72010-04-14 2010-04-14General StacksRHEMA Bible Training College   10382Books